[Event "Modbury Championship"]
[Site "Modbury"]
[Date "1997.??.??"]
[Round "?"]
[White "Wellnitz, Gerhard"]
[Black "Anderson-Smith, William"]
[Result "0-1"]
[WhiteElo "1069"]
[BlackElo "1465"]
[Annotator "Fritz 5.32"]
[PlyCount "64"]
[EventDate "1997.??.??"]
[EventType "tourn"]
[EventRounds "11"]
[EventCountry "AUS"]

1. Nf3 d5 {Opening = D03 - Damenbauernspiele /Queen Pawn's Opening} 2. d4 Nf6
3. Bg5 e6 4. e3 c5 5. c3 Nc6 6. Bd3 a6 $146 {Consolidates b5} (6... h6 7. Bh4
cxd4 (7... Be7 8. Nbd2 a6 9. O-O O-O 10. Ne5 Nxe5 11. dxe5 Nd7 12. Bxe7 Qxe7
13. f4 f5 14. exf6 Nxf6 15. Nf3 Nd7 16. Bc2 b5 17. Qd3 Rf5 18. e4 c4 19. Qe3
Rf7 20. exd5 exd5 21. Qxe7 Rxe7 22. Rae1 Rxe1 23. Rxe1 Kf8 24. Bg6 Nf6 25. Nd4
Bd7 26. g3 a5 27. Kg2 {1/2-1/2 Abraham,I-Bilinsky,V/SWZ-chIW 1992/TD 92\07 (27)
}) 8. exd4 Be7 9. O-O O-O 10. Nbd2 Nh5 11. Bxe7 Qxe7 12. Re1 Nf4 13. Bc2 Qf6
14. g3 Ng6 15. Qe2 Re8 16. Ne5 Ncxe5 17. dxe5 Qg5 18. Nf3 Qg4 19. Nd4 Qxe2 20.
Rxe2 Ne7 21. Nb5 {
Varela,G-Blanco,C/WchJM-U12 Bratislava 1993/TD 93\05/1/2-1/2 (46)}) (6... Bd6
7. O-O Qc7 8. Nbd2 Ng4 9. h3 Nh2 10. Re1 Nxf3+ 11. Qxf3 c4 12. Bc2 f5 13. Bf4
O-O 14. Qg3 Rd8 15. Nf3 b5 16. Bxd6 Qxd6 17. Qxd6 Rxd6 18. g3 a5 19. Kg2 Rb8
20. Rab1 Ba6 21. a3 {Felmy,B-Schlesinger,O/Wiesbaden op 1992/GER 03/0-1 (43)})
7. Nbd2 Bd7 8. Ne5 cxd4 9. exd4 Be7 10. O-O O-O $14 (10... h6 11. Bh4 $11) 11.
f4 b5 12. a3 {Covers b4} Rc8 13. b4 $11 (13. Nxd7 Qxd7 14. a4 bxa4 15. Qxa4 a5
$14) 13... Rc7 $14 (13... Nb8 14. Qf3 $11) 14. h3 $11 {Secures g4} (14. Nb3 Be8
$14) 14... Qb8 $14 (14... h6 15. Bh4 $11) 15. Bxf6 $11 (15. a4 h6 16. axb5 axb5
17. Bxf6 Bxf6 $16) 15... Bxf6 16. Ndf3 $11 (16. Nb3 h6 $14) 16... Qa7 17. Kh1
Nxe5 18. fxe5 {This push gains space} Be7 19. h4 $17 (19. Rc1 $142 $5 $11 {
and White has air to breath}) 19... Rxc3 20. Bxh7+ $2 $19 (20. Ng5 $142 h6 21.
Bh7+ Kh8 22. Bb1 $17) 20... Kxh7 21. Ng5+ (21. Qd2 {is not the saving move} Rc4
$19) 21... Bxg5 22. hxg5 Rh8 23. g6+ (23. Qd2 {the last chance for counterplay}
Qc7 24. Kg1 $19) 23... fxg6 (23... Kxg6+ $142 {
it becomes clear that Black will call all the shots} 24. Kg1 Rh4 25. Qd2 Qxd4+
26. Qxd4 Rxd4 27. Rac1 $19) 24. Qg4 Rcc8 (24... Kg8+ $5 {
keeps an even firmer grip} 25. Kg1 Rh5 26. Rf4 $19) 25. Rf3 (25. Rf4 {
does not improve anything} a5 26. Raf1 axb4 27. axb4 Qa3 $19) 25... Rcf8 $18 (
25... Kg8+ $142 {nails it down} 26. Kg1 Rh5 $19) 26. Rxf8 $19 (26. Qh4+ Kg8 27.
Rxf8+ Kxf8 28. Qxh8+ Ke7 29. Rf1 Be8 30. Qxg7+ Kd8 31. Qxa7 a5 32. Rc1 Bd7 33.
Qb8+ Ke7 34. Rf1 Bc8 35. Qd6+ Ke8 36. Rf8#) 26... Rxf8 27. Qh4+ Kg8 28. Rd1 Be8
29. Rd3 g5 (29... Rf1+ $5 {and Black can already relax} 30. Kh2 $19) 30. Qxg5
Rf5 31. Qd8 Qf7 32. Rd1 (32. Kg1 $19 {what else?}) 32... Qh5+ (32... Qh5+ 33.
Kg1 Qxd1+ 34. Kh2 Rh5+ 35. Kg3 Qd3+ 36. Kf4 Rh2 37. Qxe8+ Kh7 38. Qh5+ Rxh5 39.
Kg4 Qe2+ 40. Kg3 Rg5+ 41. Kf4 Rg4#) 0-1

[Event "Modbury Championship"]
[Site "Modbury"]
[Date "1997.??.??"]
[Round "?"]
[White "Chilman, Alan"]
[Black "Kramer, Warren"]
[Result "1-0"]
[WhiteElo "1560"]
[BlackElo "1279"]
[Annotator "Fritz 5.32"]
[PlyCount "83"]
[EventDate "1997.??.??"]
[EventType "tourn"]
[EventRounds "11"]
[EventCountry "AUS"]

1. d4 Nf6 {
Opening = A56 - Altindisch-sehe auch A43, A44 /Old Indian-see also A43,A44} 2.
c4 c5 3. d5 d6 4. Nc3 g6 5. e4 Bg7 6. Nf3 Bg4 7. Be2 (7. Qa4+ Nfd7 8. Nd2 O-O
9. h3 Nb6 10. Qc2 Bd7 11. Bd3 Na6 12. a3 Nc7 13. O-O a6 14. f4 Nc8 15. b3 b5
16. Bb2 Rb8 17. Rae1 bxc4 18. bxc4 e5 19. f5 Nb6 20. Bc1 Bh6 21. Nf3 Bxc1 {
Petursson,M-Ivanov,I/New York op 1989/CBM 12/1/2-1/2 (85)}) 7... Bxf3 $146 (
7... b5 8. cxb5 a6 9. bxa6 Nxa6 10. O-O O-O 11. Nd2 h5 12. Nc4 Rb8 13. Bf4 Rb4
14. f3 Bc8 15. Qd2 h4 16. Bh6 h3 17. g3 Nc7 18. Bxg7 Kxg7 19. b3 Ba6 20. Rad1
Bxc4 21. Bxc4 Nd7 22. a3 Rb8 23. f4 f6 24. Rfe1 Na8 25. Qc2 Qa5 26. Nb1 Nab6
27. Bf1 Rh8 28. Re3 c4 29. b4 Qa7 30. Qf2 Na4 31. Bxc4 Nb2 32. Rc1 Nb6 33. Rec3
Rbc8 34. Be2 Qb7 35. Rc6 Nd7 36. Bf1 Na4 37. Bxh3 f5 38. exf5 Rxh3 39. Qd4+ Nf6
40. Rxc8 Qa6 41. R8c2 Nb6 42. Nc3 {
Fahnenschmidt,G-Schlick,V/BL9293 1993/BL 90/1-0 (55)}) (7... Nfd7 8. h3 Bxf3 9.
Bxf3 Ne5 10. Be2 Nbd7 11. Bd2 a6 12. f4 e6 13. O-O exd5 14. fxe5 d4 15. Nd5
Bxe5 16. Qe1 O-O 17. Bh6 Bg7 18. Bxg7 Kxg7 19. Qg3 Ne5 20. Nf6 h6 21. Rf2 Rc8
22. Raf1 Rc7 23. Rf4 g5 24. h4 Ng6 25. hxg5 {
1-0 Tabarini,I-Raaid,J/Moscow olm 1994/EXP 44 (25)}) 8. Bxf3 Nbd7 9. O-O O-O
10. Qb3 b6 11. Qc2 Ne5 12. Be2 Qd7 $16 (12... Ned7 13. Bg5 $14) 13. h3 $14 (13.
f4 Neg4 $16) 13... Qb7 14. Rb1 Rab8 15. Re1 Ned7 16. f4 Ne8 17. Bf3 Qa6 18. b3
Qa5 19. Bd2 Bd4+ {The black bishop on an outpost} 20. Kh1 Qa6 21. g4 e6 22.
dxe6 (22. Nb5 Bg7 $16) 22... fxe6 {Controls d5} 23. Ne2 Bg7 24. Ng3 b5 25. Be2
b4 {Black gets more space} 26. Bd3 Qc6 27. Kh2 Bh6 28. Rf1 Nc7 29. h4 {
White prepares g5} Bg7 30. g5 {White wins space} Rbe8 31. h5 d5 $2 $18 (31...
a6 $142 $14 {and Black is still in the game}) 32. hxg6 {
White fights for the Initiative.} dxc4 33. gxh7+ Kh8 (33... Kxh7 34. Bxc4 Nb6
35. Be2 $18) 34. Bxc4 Nb6 (34... Kxh7 35. e5+ Kg8 36. Qg6 $18) 35. g6 Nxc4 36.
Qxc4 Qd6 (36... Rd8 {does not help much} 37. Rbd1 $18) 37. Be3 Qd8 38. Qxc5
Qh4+ 39. Kg2 Rc8 40. Qh5 Qe7 (40... Qd8 {does not win a prize} 41. Rbd1 Qe8 42.
Bd4 Bxd4 43. Rxd4 $18) 41. Rbc1 (41. Bc5 $142 {makes it even easier for White}
Qd7 42. Bxf8 Rxf8 $18) 41... Nb5 (41... Na6 $18 {is one last hope}) 42. Qxb5 (
42. Qxb5 Rxc1 43. Rxc1 $18) 1-0

[Event "Modbury Championship"]
[Site "Modbury"]
[Date "1997.??.??"]
[Round "?"]
[White "Madsen, John"]
[Black "Vuglar, Shanon"]
[Result "0-1"]
[WhiteElo "1195"]
[BlackElo "1101"]
[Annotator "Fritz 5.32"]
[PlyCount "56"]
[EventDate "1997.??.??"]
[EventType "tourn"]
[EventRounds "11"]
[EventCountry "AUS"]

1. e4 e5 {
Opening = C54 - Italienische Partie-Hauptvariante /Italian Opening-main line}
2. Nf3 Nc6 3. Bc4 Bc5 4. c3 Nf6 5. h4 $17 (5. Qe2 d6 (5... O-O 6. O-O d6 7. h3
a6 8. Rd1 Be6 9. Bb3 Bb6 10. d3 Nh5 11. d4 Bxb3 12. axb3 exd4 13. cxd4 h6 14.
Nc3 Nf6 15. d5 Ne7 16. Be3 Bxe3 17. Qxe3 Nd7 18. Nd4 a5 19. Ra3 Nc5 20. Rda1
Ra6 21. Rxa5 Rxa5 22. Rxa5 b6 23. Ra1 f5 24. b4 f4 25. Qd2 {
1-0 Hvenekilde,J-Petermann,H/Copenhagen op 1995/EXP 47 (25)}) 6. a4 (6. d3 Be6
(6... a6 7. Be3 O-O 8. Nbd2 Ba7 9. Bb3 h6 10. O-O-O Na5 11. Bc2 c5 12. h3 b5
13. g4 Nh7 14. Rdg1 Kh8 15. h4 Be6 16. Bb1 Nc6 17. Ne1 b4 18. c4 Bb6 19. g5 Ne7
20. gxh6 g6 21. f4 {Kaulfuss,H-Heidl,G/OLO-B 1993/GER 03/1-0 (31)}) 7. Bxe6
fxe6 8. a4 a5 9. Nbd2 O-O 10. Nc4 Qe8 11. Be3 Bxe3 12. Qxe3 Qg6 13. Qg5 Qxg5
14. Nxg5 Rae8 15. Nf3 b6 16. O-O Nh5 17. Rfe1 Rf6 18. Rad1 Ref8 19. Rd2 Nf4 20.
Re3 Ne7 21. Ne1 g5 22. Nc2 Neg6 23. Kf1 Kg7 24. d4 exd4 25. cxd4 d5 26. exd5
Nxd5 27. Re4 Kf7 {1/2-1/2 Petras,M-Dolezal,R/Decin op 1996/EXP 53 (27)}) 6...
a6 7. d3 h6 8. Be3 O-O 9. Nbd2 Re8 10. O-O Ba7 11. Bxa7 Rxa7 12. Rfe1 Bg4 13.
h3 Bd7 14. d4 exd4 15. Nxd4 d5 16. Bd3 Nxd4 17. cxd4 dxe4 18. Nxe4 Nd5 19. Qf3
Bc6 20. Bc4 Ra8 21. Nc3 Nf6 22. d5 Bd7 23. Red1 Rc8 24. Bb3 Qe7 25. Rd4 Qd6 26.
Rad1 Re5 27. Ne4 Nxe4 28. Rxe4 Rxe4 29. Qxe4 Re8 30. Qd3 Re5 31. Qc3 Re2 32.
Re1 Rxe1+ 33. Qxe1 Qc5 34. Qd2 Kf8 35. a5 f6 36. h4 Be8 37. Bd1 Qd6 38. Bf3 g5
39. Qd4 b6 {Kovacs,L-Almasi,Z/HUN-chT 1992/TD 92\10/1-0 (57)}) (5. Ng5 d5 6.
exd5 Nxd5 7. Qf3 Qxg5 8. Bxd5 Qg6 9. Bxc6+ Qxc6 10. Qxc6+ bxc6 11. O-O O-O 12.
Re1 Bd6 13. d4 exd4 14. cxd4 Be6 15. Nc3 Rfe8 16. Bd2 Rad8 17. Rac1 Bd5 18.
Nxd5 Rxe1+ 19. Rxe1 cxd5 {
Rusev,K-Brandstetter,D/EU-chJM U10 Szombathely 1993/TD 93\05/1-0 (58)}) (5. d3
$142 $11 {would keep White alive}) 5... Nxe4 {Black is in command} 6. d4 exd4
7. cxd4 Bb4+ 8. Nc3 $4 $19 {terrible, but the game is lost in any case} (8.
Nbd2 $142 $17) 8... Nxc3 9. Qc2 (9. bxc3 {
cannot undo what has already been done} Bxc3+ 10. Bd2 Bxa1 11. Qxa1 d5 $19)
9... Ne4+ 10. Nd2 (10. Kf1 {cannot change what is in store for ?} d5 $19) 10...
Nxd2 (10... d5 {and Black can already relax} 11. Bb5 Bd7 12. Bxc6 Bxc6 13. a3
$19) 11. Bxd2 Qe7+ 12. Be2 (12. Kf1 {does not save the day} Nxd4 13. Bxf7+ Qxf7
(13... Kxf7 $143 14. Qc4+ Qe6 15. Qxd4 Bxd2 16. Qxd2 $19) 14. Qe4+ Be7 15. Qxd4
O-O $19) 12... Nxd4 {The mate threat is Qxe2} 13. Qd3 Bxd2+ 14. Qxd2 Qxe2+ (
14... c5 {might be the shorter path} 15. Kf1 $19) 15. Qxe2+ Nxe2 16. Kxe2 O-O
17. Rac1 c6 18. f4 d5 19. g3 Bg4+ 20. Kf2 Rfe8 21. Rc2 Rad8 22. h5 (22. Re1 {
doesn't improve anything} f5 $19) 22... h6 23. Rh4 f5 24. a4 a5 25. Rc5 (25.
Rh1 {does not solve anything} Kf7 $19) 25... d4 26. Re5 (26. Rc2 {
a fruitless try to alter the course of the game} d3 27. Rd2 Re2+ 28. Rxe2 Bxe2
$19) 26... d3 27. Rxe8+ Rxe8 28. Rh1 (28. Rxg4 {
doesn't get the cat off the tree} fxg4 29. f5 d2 30. f6 d1=Q 31. f7+ Kxf7 32.
b4 Re2#) 28... d2 $19 (28... d2 29. Rb1 Bxh5 $19) (28... Re2+ 29. Kf1 d2 30. b4
d1=Q#) 0-1

[Event "Modbury Championship"]
[Site "Modbury"]
[Date "1997.??.??"]
[Round "?"]
[White "Gray, Graham"]
[Black "Vuglar, Shanon"]
[Result "0-1"]
[WhiteElo "1536"]
[BlackElo "1101"]
[Annotator "Fritz 5.32"]
[PlyCount "68"]
[EventDate "1997.??.??"]
[EventType "tourn"]
[EventRounds "11"]
[EventCountry "AUS"]

1. e4 e5 {Opening = C54_03 Italianische Partie 5.d4 / Italian Opening 5.d4} 2.
Bc4 Nc6 3. Nf3 Bc5 4. c3 Nf6 5. d4 exd4 6. cxd4 Bb4+ 7. Nc3 Nxe4 8. O-O Bxc3 9.
d5 Bf6 10. dxc6 dxc6 $146 (10... bxc6 11. Qb3 (11. Re1 O-O 12. Rxe4 d5 13. Rf4
dxc4 14. Qa4 c3 15. bxc3 Bxc3 16. Rb1 Qd3 17. Rbb4 Ba6 18. Rbc4 Bxc4 19. Rxc4
Rab8 {0-1 Treiber,T-Kurz,R/Baden Baden op 1990/GER 04 (19)}) 11... d5 12. Re1
Bf5 13. Bd3 O-O 14. Qc2 Re8 15. Qxc6 Rb8 16. Rb1 Bg6 17. b3 Nc3 18. Rxe8+ Qxe8
19. Qxe8+ Rxe8 20. Bxg6 hxg6 21. Rb2 Ne2+ 22. Kf1 Bxb2 23. Bxb2 Nf4 24. Ne5 f6
25. Nc6 {Duran,L-Natasina,A/WchJW-U10 Duisburg 1992/TD 92\06/0-1 (76)}) 11.
Bxf7+ $4 $19 {another step towards the grave} (11. Qe2 $142 Qe7 12. Re1 $17)
11... Kxf7 12. Qc2 Nd6 13. Bf4 Bf5 14. Qb3+ Be6 15. Qc2 h6 16. Rad1 Re8 (16...
Bxa2 $6 {is the less attractive alternative} 17. b3 $19) 17. Bxh6 (17. Rfe1 $19
{otherwise it's curtains at once}) 17... gxh6 18. Qh7+ Kf8 19. Qxh6+ Bg7 20.
Qh5 (20. Qf4+ {doesn't get the bull off the ice} Kg8 $19) 20... Bxa2 21. Ng5
Bg8 22. Rd3 Re5 23. Re3 (23. Rf3+ {the only chance to get some counterplay} Rf5
24. Rxf5+ Nxf5 25. Ne4 $19) 23... Qxg5 24. Rxe5 Qxe5 (24... Bxe5 $6 25. Qxg5
Bxb2 26. Re1 $17) 25. Qf3+ Qf6 26. Qh5 Bd5 27. h3 Re8 28. b4 Qh6 (28... Ne4
$142 $5 {makes it even easier for Black} 29. Qg4 Bc4 30. f3 Bxf1 31. fxe4 $19)
29. Qg4 Re6 30. f3 Rg6 31. Qd7 Be6 (31... Bd4+ 32. Kh1 Qd2 33. Qg4 Rxg4 34.
fxg4+ Kg8 35. Rf3 Qe1+ 36. Kh2 Bg1+ 37. Kh1 Bf2+ 38. Kh2 Qg1#) 32. Qd8+ Ne8 33.
g4 Qxh3 34. Rf2 Qg3+ (34... Qg3+ 35. Kf1 Bc4+ 36. Ke1 Re6+ 37. Kd1 Qxf2 38. Qd2
Bb3+ 39. Kc1 Re1+ 40. Qxe1 Qxe1#) 0-1

[Event "Modbury Championship"]
[Site "Modbury"]
[Date "1997.??.??"]
[Round "?"]
[White "Kramer, Warren"]
[Black "Madsen, John"]
[Result "1-0"]
[WhiteElo "1279"]
[BlackElo "1195"]
[Annotator "Fritz 5.32"]
[PlyCount "89"]
[EventDate "1997.??.??"]
[EventType "tourn"]
[EventRounds "11"]
[EventCountry "AUS"]

1. e4 e5 {Opening = C42 - Russische Verteidigung-Petrow /Russian Defence-Petrov
} 2. Nf3 Nf6 3. Nc3 c6 (3... Bb4 4. Bd3 Bxc3 5. dxc3 d6 6. h3 b6 7. Nh2 Bb7 8.
Bg5 h6 9. Bxf6 Qxf6 10. Qf3 Nd7 11. b4 a5 12. a4 Qxf3 13. Nxf3 Nf6 14. Nd2 Ke7
15. O-O axb4 16. cxb4 Ra7 17. Ra3 Rha8 18. Rfa1 {
Masiyazi,R-Vera,I/Novi Sad 1990/EXT 90/1-0 (83)}) (3... d5 4. exd5 Nxd5 5. Nxd5
Qxd5 6. d3 Nc6 7. Be2 Be6 8. O-O O-O-O 9. Ng5 f5 10. Bf3 Qd7 11. Qe2 h6 12.
Nxe6 Qxe6 13. Bxc6 bxc6 14. Qe3 Kb8 15. b3 f4 16. Qe2 g5 17. Bb2 Bd6 18. Rfe1 {
Toth,M-Gegeny,C/Balatonbereny opB 1996/EXP 53/0-1 (53)}) 4. Bc4 h6 $18 {
Covers g5} (4... d5 $142 {would keep Black in the game} 5. Bb3 Bg4 6. exd5 e4
$11 (6... cxd5 $143 7. h3 Be6 8. Nxe5 $16)) 5. d3 $14 (5. Nxe5 $142 $5 d5 6.
exd5 cxd5 7. Qe2 $18) 5... d6 {Secures e5} 6. Bd2 a6 {Prevents intrusion on b5}
7. Qe2 Bg4 {Black is behind in development.} 8. h3 {
White gets strong initiative} b5 $2 $18 (8... Bh5 $142 $14 {
and Black could well hope to play on}) 9. Bxf7+ $1 {doomsday} (9. hxg4 $6 bxc4
10. g5 cxd3 11. cxd3 Ng8 $16) 9... Kxf7 10. hxg4 Be7 11. g5 hxg5 12. Nxg5+ Kg8
$4 {Black crumbles in face of a dire situation} (12... Kg6 $142 13. O-O-O Qc8
$18) 13. Rxh8+ Kxh8 14. Nf7+ Kg8 15. Nxd8 Bxd8 16. O-O-O a5 17. Qf3 a4 (17...
Nbd7 {doesn't change anything anymore} 18. Rh1 $18) 18. a3 (18. Qf5 $142 {
and White takes home the point} a3 19. Qe6+ Kf8 $18) 18... Be7 (18... b4 {
doesn't change the outcome of the game} 19. axb4 Nbd7 20. Qh3 $18) 19. Bg5 (19.
Qf5 {makes it even easier for White} Kf7 20. Qc8 Nfd7 $18) 19... Nbd7 20. Bxf6
Nxf6 21. Ne2 Rf8 22. Qh3 Kf7 23. f3 (23. f4 {might be the shorter path} c5 $18)
23... d5 (23... g5 {cannot change what is in store for ?} 24. Qf5 $18) 24. Ng3
(24. f4 $142 {keeps an even firmer grip} Bd6 25. fxe5 Bxe5 $18) 24... g6 25.
Rh1 d4 26. Ne2 b4 (26... Bd6 {does not solve anything} 27. f4 $18) 27. axb4
Bxb4 28. f4 (28. Qg3 {seems even better} c5 $18) 28... a3 29. bxa3 (29. Kb1 $5
{and White can already relax} Bd6 30. bxa3 Ra8 $18) 29... Bxa3+ 30. Kd2 Rb8 (
30... Bb4+ {does not save the day} 31. Kd1 Bd6 32. Rf1 $18) 31. Ke1 (31. fxe5
Bb4+ 32. c3 Bxc3+ 33. Nxc3 dxc3+ 34. Kxc3 Rb5 35. exf6 Rc5+ 36. Kd2 Rh5 37.
Qd7+ Kxf6 38. Rf1+ Rf5 39. exf5 c5 40. fxg6+ Kg5 41. Qf5+ Kh6 42. Rh1+ Kg7 43.
Qf7#) 31... exf4 (31... Rb1+ {a fruitless try to alter the course of the game}
32. Kf2 Rxh1 33. Qxh1 $18) 32. Nxd4 Rb1+ 33. Ke2 Rxh1 34. Qxh1 c5 35. Nb5 Bb2 (
35... Bb4 {cannot change destiny} 36. Qh6 Nh5 37. Qh7+ Kf6 38. Qh8+ Kf7 39. c3
$18) 36. Qb1 (36. c3 $142 $5 {seems even better} c4 $18) 36... Be5 37. Qb3+ Kg7
38. Qa4 g5 (38... Nh5 {is no salvation} 39. Qa7+ Kg8 40. Qxc5 $18) 39. Qa7+ Kh6
40. Qxc5 Ng4 41. Qf8+ (41. Qc6+ $142 {keeps an even firmer grip} Kh5 42. Qd7
f3+ 43. gxf3 Nf6 44. Qh3+ Kg6 45. Qf5+ Kf7 46. Qxe5 Ne8 47. Qd5+ Kf8 $18) 41...
Bg7 42. Qf5 Kh5 43. Qh7+ $18 (43. Qf7+ Kh4 44. Nd4 Kg3 45. Qh5 f3+ 46. Nxf3 Nf2
47. Qxg5+ Ng4 48. Qh4+ Kxg2 49. Qxg4+ Kh1 50. Qg1#) 43... Bh6 44. Nd4 {
Threatening mate... how?} Kh4 (44... Ne3 {does not win a prize} 45. g4+ fxg3
46. Kxe3 g4+ 47. Ke2 Kg5 48. Nf5 Bf8 49. Qg8+ Kf4 50. Qxf8 g2 51. Qd6+ Kg5 52.
Qh6#) 45. Nf5+ (45. Nf5+ Kh5 46. Qf7#) 1-0

[Event "Modbury Championship"]
[Site "Modbury"]
[Date "1997.??.??"]
[Round "?"]
[White "Anderson-Smith, William"]
[Black "Chilman, Alan"]
[Result "1-0"]
[WhiteElo "1465"]
[BlackElo "1560"]
[Annotator "Fritz 5.32"]
[PlyCount "123"]
[EventDate "1997.??.??"]
[EventType "tourn"]
[EventRounds "11"]
[EventCountry "AUS"]

1. d4 d5 {Opening = D60 - Damengambit-Hauptvariante /Queen's Gambit-main line}
2. c4 e6 3. Nc3 Nf6 4. Bg5 Be7 5. e3 O-O 6. Nf3 Nbd7 7. cxd5 Nxd5 8. Bxe7 Qxe7
9. Nxd5 exd5 10. Qc2 $146 (10. Be2 c6 (10... Nf6 11. O-O Bf5 12. Rc1 c6 13. Ne5
Nd7 14. Nxd7 Qxd7 15. Bd3 Rfe8 16. Qc2 Bxd3 17. Qxd3 f5 18. f4 Re7 19. Rf3 Rae8
20. Re1 g6 21. a3 Qc7 22. b4 Qb6 23. Rg3 Re4 24. Rc1 a6 25. Rc5 Qc7 26. Qc3 Rc8
27. Qc2 Qe7 28. Rxd5 Rxe3 29. Re5 Rxe5 30. dxe5 Rd8 {
1/2-1/2 Mameri,M-Hodzic,N/WchJM-U14 Szeged 1994/TD 94\01 (30)}) (10... Qb4+ 11.
Qd2 Qxd2+ 12. Nxd2 Nb6 13. O-O Bf5 14. Rac1 c6 15. b3 a5 16. a3 Rfc8 17. Nf3
Nd7 18. Nh4 Be6 19. Rc3 Nf6 20. Bd3 Ne4 21. Rc2 g5 22. Nf3 f6 23. Rd1 Bg4 24.
Be2 Bf5 25. Bd3 {
Bramme,E-Plavniece,A/EU-chJW U14 Szombathely 1993/TD 93\05/1-0 (65)}) 11. O-O
Nf6 12. Ne5 Nd7 {1/2-1/2 Yurtaev,L-Kharitonov,A/Frunze 1988/TD 88\01 (12)}) (
10. Rc1 c6 11. Bd3 Nf6 12. Qc2 g6 13. O-O Ne8 14. Rfe1 Nd6 15. Qc5 Qd8 16. Nd2
Bf5 17. Bf1 h5 18. b4 a6 19. a4 Qf6 20. Qc3 Rac8 21. Qb3 b5 22. Qa2 Nc4 23. Nb3
Rcd8 24. Nc5 Bc8 {Rivera,A-Amura,C/Capablanca mem-A 1992/EXP 29/0-1 (74)})
10... c6 {Prevents intrusion on b5} 11. Bd3 h6 {Controls g5} 12. O-O Nf6 13.
Rab1 Be6 14. b4 Rfc8 15. a4 {White intends b5} a6 {Consolidates b5} 16. Rfc1
Nd7 17. Qb2 {White prepares the advance b5} b6 18. b5 {White wins space} (18.
a5 bxa5 19. bxa5 c5 $14) 18... axb5 19. axb5 c5 20. dxc5 Nxc5 21. Bc2 Ne4 22.
Nd4 {The knight likes it on d4} Qf6 23. Bd1 Bd7 24. Bf3 $11 (24. Bb3 Qe5 $14)
24... Kh8 $14 (24... Rc5 25. Rc2 $11) 25. Ra1 Qd6 26. Rxc8+ Rxc8 27. Rc1 $11 (
27. Qb3 Qe5 $14) 27... Nc5 28. Qa3 Kg8 29. Rc2 g5 30. Qa2 {
Attacks the isolani on d5} Ne4 31. Rxc8+ Bxc8 32. Bxe4 dxe4 33. Qc2 Bb7 34. h3
Qe5 35. Qc4 Qc5 $14 (35... Kg7 36. Nc6 Qb2 37. Kh2 $11) 36. Qc2 $15 (36. Qxc5
$5 {must be considered} bxc5 37. Nf5 $16) 36... Bd5 $14 (36... Qxc2 $142 $5 {
is an interesting alternative} 37. Nxc2 Kg7 $11) 37. Qb2 $11 (37. Qxc5 $5 bxc5
38. Nf5 $14) 37... Bc4 {Exerts pressure on the isolated pawn} 38. g4 Qe5 39.
Qb4 Bd3 40. Qa4 Qc5 41. Qa8+ Kh7 42. Qc6 $11 (42. Qe8 Qc1+ 43. Kh2 Qc7+ 44. Kg2
Qc4 $16) 42... h5 $18 (42... Qb4 $142 {is a viable option} 43. Qf6 Bc4 $11) 43.
Qxc5 $16 (43. Qf6 $5 hxg4 (43... Bxb5 $4 {would be gruesome error} 44. Qxf7+ (
44. Nxb5 $6 Qxb5 45. Qxf7+ Kh8 $16) 44... Kh8 45. Qf6+ Kg8 46. Ne6 (46. gxh5 $6
{is impossible} Qc1+ 47. Kg2 Bf1+ 48. Kg3 Bd3 49. Qxg5+ Kf8 $18) (46. Nxb5 $6 {
is a bad alternative} Qxb5 47. gxh5 Qd5 $16) 46... Qc1+ 47. Kh2 $18) 44. hxg4
Bc4 $18 (44... Bxb5 {is a horrible blunder} 45. Qxf7+ Kh8 46. Qf6+ Kg8 47. Ne6
(47. Nxb5 $6 {is not possible} Qxb5 48. Qg6+ Kf8 $16) 47... Qc1+ 48. Kh2 $18))
43... bxc5 44. b6 {The passed pawn on b6 will quickly become a dangerous weapon
} Ba6 (44... cxd4 $4 {would lead to instant doom} 45. b7 $1 $18 {the decision})
45. Nb5 c4 $16 (45... hxg4 46. Nd6 gxh3 47. Nxf7 $14) 46. Nc3 $14 (46. Kf1 $5
$16) 46... Bb7 47. Kf1 hxg4 (47... Kg6 48. Ke1 $14) 48. hxg4 Kg6 49. Ke1 Kf6
50. Na4 Ke5 51. Nc5 Bc8 52. b7 {Do you see the mate threat?} Bxb7 {
Black has to return some of his gains} 53. Nxb7 Kd5 54. Nd8 f5 55. gxf5 Ke5 56.
Kd2 Kxf5 57. Kc3 Kg4 58. Kxc4 Kf3 59. Kd4 g4 60. Ne6 Kxf2 61. Kxe4 g3 62. Nf4 (
62. Nf4 Ke1 63. Kf3 $18) 1-0